LEADER 00946nam0-2200301 --450 001 9910318859703321 005 20190507114849.0 010 $a9780195146400 100 $a20190507d2006----kmuy0itay5050 ba 101 0 $aeng 102 $aUS 105 $ag 001yy 200 1 $aElements of sonata theory$enorms, types, and deformations in the late-eighteenth-century sonata$fJames Hepokoski, Warren Darcy 210 $aOxford [etc.]$cOxford University Press$d2006 215 $aXXVIII, 661 p.$cill., mus.$d26 cm 610 0 $aForme musicali$aSonata$aStoria 610 0 $aSonate 676 $a784.183$v22$zita 676 $a781.8$v22$zita 700 1$aHepokoski,$bJames A.$0764242 701 1$aDarcy,$bWarren$0764243 801 0$aIT$bUNINA$gREICAT$2UNIMARC 901 $aBK 912 $a9910318859703321 952 $a784.18 HEP 1$bbibl. 2019$fFLFBC 959 $fFLFBC 996 $aElements of sonata theory$91551447 997 $aUNINA LEADER 00764nam0 2200229 450 001 000015546 005 20190606102424.0 100 $a20080826d1932----km-y0itay50------ba 101 0 $aita 102 $aIT 105 $ay-------001yy 200 1 $a<>tecnica del risarcimento del danno negli affari marittimi$fGiacomo Bisignani 210 $aNapoli$cLibreria internazionale Treves-Treccani-Tumminelli$d1932 215 $aXV, 342 p.$d27 cm 610 1 $aDiritto marittimo 676 $a368.23$v19 700 1$aBisignani,$bGiacomo$0129847 801 0$aIT$bUNIPARTHENOPE$c20080826$gRICA$2UNIMARC 912 $a000015546 951 $a368.23/101$b10727$cNAVA4$d2008 996 $aTecnica del risarcimento del danno negli affari marittimi$91202841 997 $aUNIPARTHENOPE LEADER 04588 am 22009013u 450 001 9910279577503321 005 20230125200812.0 010 $a3-319-72790-7 024 7 $a10.1007/978-3-319-72790-5 035 $a(CKB)4100000002892214 035 $a(DE-He213)978-3-319-72790-5 035 $a(MiAaPQ)EBC5591507 035 $a(Au-PeEL)EBL5591507 035 $a(OCoLC)1076240124 035 $a(MiAaPQ)EBC6422812 035 $a(Au-PeEL)EBL6422812 035 $a(oapen)https://directory.doabooks.org/handle/20.500.12854/56055 035 $a(PPN)225550989 035 $a(EXLCZ)994100000002892214 100 $a20180307d2017 u| 0 101 0 $aeng 135 $aurnn#008mamaa 181 $ctxt$2rdacontent 182 $cc$2rdamedia 183 $acr$2rdacarrier 200 10$aHormones, Metabolism and the Benefits of Exercise$b[electronic resource] /$fedited by Bruce Spiegelman 205 $a1st ed. 2017. 210 $cSpringer Nature$d2018 210 1$aCham :$cSpringer International Publishing :$cImprint: Springer,$d2017. 215 $a1 online resource (X, 102 p.) 225 1 $aResearch and Perspectives in Endocrine Interactions,$x1861-2253 311 $a3-319-72789-3 327 $aIntroduction -- Human brown adipose tissue plasticity: hormonal and environmental manipulation -- The energy sensor AMPK: Adaptations to exercise, nutritional and hormonal signals -- Plasma steroids and cardiorespiratory fitness response to regular exercise -- Sending the signal: Muscle glycogen availability as a regulator of training adaptation -- Optimized engagement of macrophages and satellite cells in the repair and regeneration of exercised muscle -- Skeletal muscle microRNAs: Roles in differentiation, disease and exercise -- Tryptophan-kynurenine metabolites in exercise and mental health -- FNDC5/irisin - their role in the nervous system and as a mediator for beneficial effects of exercise on the brain. 330 $aThe world is faced with an epidemic of metabolic diseases such as obesity and type 2 diabetes. This is due to changes in dietary habits and the decrease in physical activity. Exercise is usually part of the prescription, the first line of defense, to prevent or treat metabolic disorders. However, we are still learning how and why exercise provides metabolic benefits in human health. This open access volume focuses on the cellular and molecular pathways that link exercise, muscle biology, hormones and metabolism. This will include novel ?myokines? that might act as new therapeutic agents in the future. 410 0$aResearch and Perspectives in Endocrine Interactions,$x1861-2253 606 $aMolecular biology 606 $aHealth promotion 606 $aEndocrinology  606 $aCardiology 606 $aDiabetes 606 $aMetabolic diseases 606 $aMolecular Medicine$3https://scigraph.springernature.com/ontologies/product-market-codes/B1700X 606 $aHealth Promotion and Disease Prevention$3https://scigraph.springernature.com/ontologies/product-market-codes/H27010 606 $aEndocrinology$3https://scigraph.springernature.com/ontologies/product-market-codes/H33053 606 $aCardiology$3https://scigraph.springernature.com/ontologies/product-market-codes/H33037 606 $aDiabetes$3https://scigraph.springernature.com/ontologies/product-market-codes/H33045 606 $aMetabolic Diseases$3https://scigraph.springernature.com/ontologies/product-market-codes/H33118 610 $ahuman brown adipose tissue plasticity 610 $atype 2 diabetes 610 $aTryptophan-kynurenine metabolites 610 $ametabolic diseases 610 $amuscle glycogen 610 $aAMPK 610 $askeletal muscle microRNAs 610 $aFNDC5/irisin 610 $aobesity 615 0$aMolecular biology. 615 0$aHealth promotion. 615 0$aEndocrinology . 615 0$aCardiology. 615 0$aDiabetes. 615 0$aMetabolic diseases. 615 14$aMolecular Medicine. 615 24$aHealth Promotion and Disease Prevention. 615 24$aEndocrinology. 615 24$aCardiology. 615 24$aDiabetes. 615 24$aMetabolic Diseases. 676 $a611.01816 700 $aBruce Spiegelman$4auth$01356843 702 $aSpiegelman$b Bruce$4edt$4http://id.loc.gov/vocabulary/relators/edt 801 0$bMiAaPQ 801 1$bMiAaPQ 801 2$bMiAaPQ 906 $aBOOK 912 $a9910279577503321 996 $aHormones, Metabolism and the Benefits of Exercise$93361762 997 $aUNINA LEADER 00868nam a2200241 i 4500 001 991003893279707536 008 201015s1992 it ||| | ita d 020 $a8870200655 035 $ab14404801-39ule_inst 040 $aBibl. Dip.le Aggr. Matematica e Fisica - Sez. Fisica$beng 082 0 $a616.01 084 $aLC QR41 100 1 $aAgeno, Mario$018 245 13$aLa "macchina" batterica /$cMario Ageno 260 $aRoma :$bLombardo Editore,$c1992 300 $axiv, 297 p. :$bill. ;$c25 cm 650 4$aBacteriology 907 $a.b14404801$b17-01-21$c19-10-20 912 $a991003893279707536 945 $aLE006 Fondo Polezzo 425$cEx libris Stefano Polezzo$g1$i2006000186247$lle006$og$pE10.99$q-$rl$s- $t0$u0$v0$w0$x0$y.i15948833$z17-01-21 996 $aMacchina batterica$91502453 997 $aUNISALENTO 998 $ale006$b15-10-20$cm$da $e-$fita$git $h3$i0 LEADER 04678nam 22007575 450 001 9910136616903321 005 20250504233142.0 024 7 $a10.1007/978-3-319-44093-4 035 $a(CKB)3710000000902960 035 $a(EBL)4716203 035 $a(DE-He213)978-3-319-44093-4 035 $a(MiAaPQ)EBC4716203 035 $z(PPN)258863137 035 $a(PPN)196324319 035 $a(EXLCZ)993710000000902960 100 $a20161011d2016 u| 0 101 0 $aeng 135 $aur|n|---||||| 181 $ctxt$2rdacontent 182 $cc$2rdamedia 183 $acr$2rdacarrier 200 10$aTopics on Methodological and Applied Statistical Inference /$fedited by Tonio Di Battista, Elías Moreno, Walter Racugno 205 $a1st ed. 2016. 210 1$aCham :$cSpringer International Publishing :$cImprint: Springer,$d2016. 215 $a1 online resource (222 p.) 225 1 $aSelected Papers of the Statistical Societies,$x2946-1804 300 $aDescription based upon print version of record. 311 08$a3-319-44092-6 311 08$a3-319-44093-4 320 $aIncludes bibliographical references at the end of each chapters. 327 $aIntroducing Prior Information into the Forward Search for Regression -- A Finite Mixture Latent Trajectory Model for Hirings and Separations in the Labor Market -- Outliers in Time Series - An Empirical Likelihood Approach -- Advanced Methods to Design Samples for Land Use/Land Cover Surveys -- Heteroscedasticity, Multiple Populations and Outliers in Trade Data -- How to Marry Robustness and Applied Statistics -- Logistic Quantile Regression to Model Cognitive Impairment in Sardinian Cancer Patients -- Bounding the Probability of Causation in Mediation Analysis -- Analysis of Collaboration Structures though Time - The Case of Technological Districts -- Bayesian Spatio-temporal Modeling of Urban Air Pollution Dynamics -- Clustering Functional Data on Convex Function Spaces -- The Impact of Demographic Change on Sustainability of Emergency Departments -- Bell Shaped Fuzzy Numbers Associated With the Normal Curve -- Improving Co-authorship Network Structures by Combining Heterogeneous Data Sources -- Statistical Issues in Bayesian Meta-Analysis -- Statistical Evaluation of Forensic DNA Mixtures from Multiple Traces -- A Note on Semivariogram -- Geographically Weighted Regression Analysis of Cardiovascular Diseases - Evidence From Canada Health Data -- Pseudo-Likelihoods for Bayesian Inference. . 330 $aThis book brings together selected peer-reviewed contributions from various research fields in statistics, and highlights the diverse approaches and analyses related to real-life phenomena. Major topics covered in this volume include, but are not limited to, bayesian inference, likelihood approach, pseudo-likelihoods, regression, time series, and data analysis as well as applications in the life and social sciences. The software packages used in the papers are made available by the authors. This book is a result of the 47th Scientific Meeting of the Italian Statistical Society, held at the University of Cagliari, Italy, in 2014. 410 0$aSelected Papers of the Statistical Societies,$x2946-1804 606 $aStatistics 606 $aMathematical statistics$xData processing 606 $aBiometry 606 $aSocial sciences$xStatistical methods 606 $aDemography 606 $aPopulation 606 $aStatistical Theory and Methods 606 $aStatistics and Computing 606 $aBiostatistics 606 $aStatistics in Social Sciences, Humanities, Law, Education, Behavorial Sciences, Public Policy 606 $aPopulation and Demography 615 0$aStatistics. 615 0$aMathematical statistics$xData processing. 615 0$aBiometry. 615 0$aSocial sciences$xStatistical methods. 615 0$aDemography. 615 0$aPopulation. 615 14$aStatistical Theory and Methods. 615 24$aStatistics and Computing. 615 24$aBiostatistics. 615 24$aStatistics in Social Sciences, Humanities, Law, Education, Behavorial Sciences, Public Policy. 615 24$aPopulation and Demography. 676 $a519.5 702 $aDi Battista$b Tonio$4edt$4http://id.loc.gov/vocabulary/relators/edt 702 $aMoreno$b Eli?as$4edt$4http://id.loc.gov/vocabulary/relators/edt 702 $aRacugno$b Walter$4edt$4http://id.loc.gov/vocabulary/relators/edt 801 0$bMiAaPQ 801 1$bMiAaPQ 801 2$bMiAaPQ 906 $aBOOK 912 $a9910136616903321 996 $aTopics on methodological and applied statistical inference$91523701 997 $aUNINA